Neortodoxná ako som za cenu škandálu preťala vlastné chasidské korene

Bibliographic Details
Main Author: Feldman, Deborah, 1986- (Author)
Other Authors: Kubuš, Martin, 1982- (Translator)
Format: Book
Language:Slovak
English
PhysicalDescription:287 strán fotografie, portréty 24 cm
Published: Bratislava Aktuell 2021
ISBN:9788089873272
Subjects:

MARC

LEADER 00000cam a2200000 4500
001 vtls012063566
003 SK-MaSNL
005 20260301102348.0
008 210728s2021 xo oc g h 000 faslo
015 |a SNBA2022/08 
020 |a 9788089873272  |q (viazané) 
040 |a SNK  |b slo  |c SNK  |e rda 
041 1 |a slo  |h eng 
043 |a n-xxu-- 
044 |a xo  |c SK 
072 7 |a 821.111(73)-3  |x Americká próza  |2 konspekt 
072 7 |a 929  |x Biografie  |2 konspekt 
080 |a (=411.16)-055.2  |2 2011 
080 |a 26-832  |2 2011 
080 |a (0:82-312.6)  |2 2011 
080 |a (73)  |2 2011 
080 |a (092)  |2 2011 
100 1 |a Feldman, Deborah,  |d 1986-  |4 aut  |9 206837 
240 1 0 |a Unorthodox: The Scandalous Rejection of my Hasidic Roots  |l Slovensky 
245 1 0 |a Neortodoxná  |b ako som za cenu škandálu preťala vlastné chasidské korene  |c Deborah Feldmanová 
264 1 |a Bratislava  |b Aktuell  |c 2021 
300 |a 287 strán  |b fotografie, portréty  |c 24 cm 
336 |a text  |b txt  |2 rdacontent 
337 |a bez média  |b n  |2 rdamedia 
338 |a zväzok  |b nc  |2 rdacarrier 
500 |a Z angličtiny preložil Martin Kubuš 
500 |a Obsahuje stručné biografické údaje o autorke na zadnej strane obálky 
600 1 7 |a Feldman, Deborah,  |d 1986-  |2 SNKMA  |9 206837 
650 0 7 |a židovské ženy  |2 SNKPH  |9 90428 
650 0 7 |a chasidizmus  |2 SNKPH  |9 82104 
650 0 7 |a Jewish women  |2 SNKPHeng  |9 337015 
650 0 7 |a Hasidism  |2 SNKPHeng  |9 427980 
651 7 |a Spojené štáty americké  |2 SNKPHgeo  |9 18262 
651 7 |a United States  |2 SNKPHeng  |9 281561 
655 7 |a americké romány  |2 SNKPH  |9 1174 
655 7 |a autobiografické romány  |2 SNKPH  |9 70327 
655 7 |a American fiction  |2 SNKPHeng  |9 281076 
655 7 |a Autobiographical novels  |2 SNKPHeng  |9 319560 
700 1 |a Kubuš, Martin,  |d 1982-  |4 trl  |9 120763 
919 |a 978-80-89873-27-2 
954 |a beletria cudzojazyčná (svetová)  |2 lita 
958 |a LX 
958 |a UP 
958 |a BC 
968 |b ENG 
999 |c 691985  |d 693915 
952 |a SNK  |b SNK  |y VYP  |7 0  |p 17A1467567  |o snkSC 194198 D1  |i snk2021/16467  |8 0  |0 0  |1 0  |4 0  |d 2021-10-26  |l 0  |r 2026-02-23 20:30:32  |w 2026-02-23 
952 |a SNK  |b SNK  |y PREZ  |7 0  |p 17A1458267  |o snkSC 194198  |i snk2021/12570  |8 0  |0 0  |1 0  |4 0  |d 2021-09-14  |f 1  |l 0  |r 2025-10-10 00:00:00  |w 2026-02-23